[Event "FRA-ch U12"]
[Site "Aix les Bains"]
[Date "2009.04.20"]
[Round "3"]
[White "Garcia Alibert, Raphael"]
[Black "Bandet, Raphael"]
[Result "0-1"]
[WhiteElo "1590"]
[BlackElo "1763"]
[PlyCount "72"]
[EventDate "2009.04.19"]
[EventType "swiss"]
[EventRounds "9"]
[EventCountry "FRA"]
[SourceTitle "CBM 130 Extra"]
[Source "ChessBase"]
[SourceDate "2009.07.02"]
[SourceVersion "2"]
[SourceVersionDate "2009.07.15"]
[SourceQuality "1"]

1. c4 e6 2. d4 d5 3. Nc3 Nf6 4. Nf3 Nbd7 5. Bf4 c6 6. e3 Bb4 7. Qc2 Ne4 8. Bd3 Ndf6 9. 0-0 Nxc3 10. bxc3 Be7 11. Rab1 0-0 12. Be5 h6 13. Bg3 Nd7 14. c5 b6 15. cxb6 axb6 16. Rfc1 Ba6 17. Be2 Bxe2 18. Qxe2 b5 19. Rc2 Qb6 20. c4 dxc4 21. Rxc4 Ra6 22. Rc2 Rc8 23. h3 Qb7 24. Rcb2 Ra5 25. Ra1 Rca8 26. Qc2 c5 27. a4 Qc6 28. Rba2 Rxa4 29. Rxa4 Rxa4 30. Rxa4 bxa4 31. Nd2 Nb6 32. Ne4 c4 33. f3 Qb5 34. Be1 Qb3 35. Qxb3 cxb3 36. Nc5 b2 0-1